La apertura de las rutas oceánicas

Đã lưu trong:
Chi tiết về thư mục
Định dạng: Sách
Ngôn ngữ:Tiếng Tây Ban Nha
Được phát hành: Barcelona Vicens-Vives 1989
Các nhãn: Thêm thẻ
Không có thẻ, Là người đầu tiên thẻ bản ghi này!

MARC

LEADER 00000nam a22000005a 4500
003 CL-ChBUA
005 20150813135440.0
008 100512s1989 sp ||||| |||| 000 ||spa
040 |a CL-ChBUA  |c CL-ChBUA 
245 1 0 |a La apertura de las rutas oceánicas  
246 1 0 |a La Europa del siglo XVI 
260 |a Barcelona  |b Vicens-Vives  |c 1989 
300 |c 87x129 centímetros  
942 |c OMAP  |2 ddc 
952 |0 0  |1 0  |2 ddc  |4 0  |6 PUERTA_12_000000000000000_B_3  |7 0  |9 64613  |a UNACH  |b UNACH  |c HEM  |d 2010-05-12  |i 53  |l 0  |o Puerta 12 / B 3  |p 65748  |r 2012-08-08 00:00:00  |t 1  |w 2012-08-08  |y OMAP 
999 |c 27514  |d 27514